Cracking the Einstein code: relativity and the birth of black hole physics (Record no. 17975)

MARC details
000 -LEADER
fixed length control field 00706nam a2200205Ia 4500
003 - CONTROL NUMBER IDENTIFIER
control field IN-BaIIA
008 - FIXED-LENGTH DATA ELEMENTS--GENERAL INFORMATION
fixed length control field 211028s9999 xx 000 0 eng d
020 ## - INTERNATIONAL STANDARD BOOK NUMBER
International Standard Book Number 978-0-226-51951-7
040 ## - CATALOGING SOURCE
Transcribing agency IIA Library
080 ## - UNIVERSAL DECIMAL CLASSIFICATION NUMBER
Universal Decimal Classification number 524.882
Item number MEL
100 ## - MAIN ENTRY--PERSONAL NAME
Personal name Melia, Fulvio
9 (RLIN) 28824
245 #0 - TITLE STATEMENT
Title Cracking the Einstein code: relativity and the birth of black hole physics
Statement of responsibility, etc. Fulvio Melia
260 ## - PUBLICATION, DISTRIBUTION, ETC.
Place of publication, distribution, etc. Chicago
Name of publisher, distributor, etc. Chicago University Press
Date of publication, distribution, etc. 2009
300 ## - PHYSICAL DESCRIPTION
Extent xi,137p.
650 ## - SUBJECT ADDED ENTRY--TOPICAL TERM
Topical term or geographic name entry element Black holes(Astronomy)
9 (RLIN) 34222
650 ## - SUBJECT ADDED ENTRY--TOPICAL TERM
Topical term or geographic name entry element Einsteins field equations
9 (RLIN) 34223
650 ## - SUBJECT ADDED ENTRY--TOPICAL TERM
Topical term or geographic name entry element Kerr black holes-Mathematical models
9 (RLIN) 34224
650 ## - SUBJECT ADDED ENTRY--TOPICAL TERM
Topical term or geographic name entry element Kerr, R.P.(Roy P.)
9 (RLIN) 34225
942 ## - ADDED ENTRY ELEMENTS (KOHA)
Koha item type Books
Holdings
Withdrawn status Lost status Damaged status Not for loan Home library Current library Shelving location Date acquired Source of acquisition Cost, normal purchase price Total Checkouts Full call number Barcode Date last seen Cost, replacement price Price effective from Koha item type Purchase Price
        IIA Library-Bangalore IIA Library-Bangalore General Stacks 12/02/2011 GB 6045.00   524.882/ MEL 18897 05/11/2021 6045.00 12/02/2011 Books Rs. 6045.00

Powered by Koha